000 01478cam a22003734a 4500
001 4155
003 FISKH
005 20250805161220.0
008 051115s2006 mnua bf 001 0 eng
010 _a 2005032809
020 _a1575421933
020 _a9781575421933
035 _a(OCoLC)ocm62324696
040 _aDLC
_cDLC
_dIOS
_dBAKER
_dC#P
_dDLC
_beng
042 _apcc
050 0 0 _aLB1049.F6
082 _a371.3
100 1 _aFox, Janet S.
245 1 0 _aGet organized without losing it /
_cby Janet S. Fox ; edited by Pamela Espeland.
260 _aMinneapolis :
_bFree Spirit Publishing,
_c2006.
300 _a105 pages :
_bcolor illustrations ;
_c18 cm
490 _aLaugh & learn
505 _aR
520 _a"In the quest for school success--not to mention a happy home life--kids have a lot to juggle: schoolwork, friends, activities, chores, bedrooms, electronics, lockers, and desks. Get Organized Without Losing It provides friendly, entertaining help for kids who want to manage their tasks, time, and stuff--without going overboard or being totally obsessed."
521 8 _a770
_bLexile
521 8 _aR
_bRaz-Plus
650 0 _aStudy skills
_vHandbooks, manuals, etc.
650 0 _aStudents
_xTime management
_vHandbooks, manuals, etc.
650 0 _aStudents
_vLife skills guides.
700 1 _aEspeland, Pamela,
_d1951-
_eEditor
906 _a7
_bcbc
_corignew
_d1
_eecip
_f20
_gy-gencatlg
942 _2ddc
_cBK
_n0
999 _c4155
_d4155